000
00198nam a2200085Ia 4500
008
120527s9999 xx 000 0 und d
100
_a
Hay, Leone
245
_a
Accounting for Governmental
942
_c
BK
999
_c
27114
_d
27114